| 000 | 00841nam2a2200205 4500 | ||
|---|---|---|---|
| 001 | RU\NLR\PER_A\003154569_002990 | ||
| 005 | 20250626132246.0 | ||
| 035 | _a(NLR Aleph) 011792620 | ||
| 090 |
_a11830501 _c11830501 |
||
| 100 | _a20180914d2018 |||y0rusy50 ca | ||
| 101 | 0 | _arus | |
| 102 | _aRU | ||
| 200 | 0 | _a2018, № 8 (188) | |
| 210 |
_d2018 _aБ. м. |
||
| 461 | 0 |
_1001RU\NLR\INFOCOMM6\5000403585 _12001#$aСекретарь-референт$eСпециализир. журн. для секретарей всех уровней$v2018, № 8 (188) _93037567 _cМ. _d2002 - _nПрофи-груп _oСпециализир. журн. для секретарей всех уровней _tСекретарь-референт _x1813-9493 _v2018, № 8 (188) |
|
| 852 |
_aNLR _jП23/5580 |
||
| 942 | _cISSUE | ||
| 980 | _aNB | ||
| 980 | _aRUSPER | ||